01630cam a22003374i 4500003000900000005001700009008004100026035001900067040003300086082001900119110003900138245009300177264003500270300002800305336002100333337002500354338002300379505074300402526001001145526001001155526001001165526001001175526000801185526000801193526000801201526000801209526000801217526000801225526000801233650005101241PE-LiUPU20250731173142.0150623s r 000 0 d a(Sirsi) a27573 aPE-LiUPUbspacPE-LiUPUerda04a289.9bW3Q2212 aWatchtower Bible and Tract Society11a¿Qué ha hecho la religión para la humanidad? /cWatchtower Bible and Tract Society. 1aBrooklyn :bWatchtower,c1953. a384 páginas ;c18 cm. atext2rdacontent aunmediated2rdamedia avolume2rdacarrier0 a¿Qué ha hecho la religión para la humanidad?. La regla para juzgar la religión. Cuando había solamente una religión. Cómo principio la clase falsa. Desarrollo de la falsa antes del Diluvio. apostasía después del diluvio. Revelación adicional tocante al secreto sagfado. Culto aegipcio amenanza la adoración verdadera. Estableciendo una adoración nacional bajo la teocracia. Modelos proféticos. el transigir con demonoatría un lazo. Reino y sacerdocio por quyé separdos. Caída en la idolatría y recobro. el desarrollo del hinduísmo. Budimso,l una salvación por psicología. Confuianismo, un sitema de moralidad. El secreto sagrado de la Simiente resuelto. La religión roja y el hombre de iniquidad. aSEG42 aSEG41 aSEG40 aSEG39 aP94 aP87 aP86 aP85 aP77 aP76 aP3504aTestigos de JehováxDoctrina y controversia.